<?xml version="1.0" encoding="UTF-8"?>
<record
    xmlns:xsi="http://www.w3.org/2001/XMLSchema-instance"
    xsi:schemaLocation="http://www.loc.gov/MARC21/slim http://www.loc.gov/standards/marcxml/schema/MARC21slim.xsd"
    xmlns="http://www.loc.gov/MARC21/slim">

  <leader>01439nam a22003377a 4500</leader>
  <controlfield tag="003">DO-SdBNP</controlfield>
  <controlfield tag="005">20260521073717.0</controlfield>
  <controlfield tag="007">ta</controlfield>
  <controlfield tag="008">210421e2020    dr ||||e |||| 001 0dspa d</controlfield>
  <datafield tag="020" ind1=" " ind2=" ">
    <subfield code="a">9789587463156 (impreso)</subfield>
  </datafield>
  <datafield tag="020" ind1=" " ind2=" ">
    <subfield code="a">9789587463163 (pdf)</subfield>
  </datafield>
  <datafield tag="020" ind1=" " ind2=" ">
    <subfield code="a">9789587463170 (epub)</subfield>
  </datafield>
  <datafield tag="040" ind1=" " ind2=" ">
    <subfield code="a">DO-SdBNP</subfield>
    <subfield code="b">spa</subfield>
    <subfield code="c">BNPHU</subfield>
  </datafield>
  <datafield tag="082" ind1=" " ind2="4">
    <subfield code="a">972.9 </subfield>
    <subfield code="b">S225v</subfield>
    <subfield code="2">22</subfield>
  </datafield>
  <datafield tag="100" ind1="1" ind2=" ">
    <subfield code="a">Sang, Mu-Kien A. </subfield>
    <subfield code="d">1955-</subfield>
    <subfield code="q">(Mu-Kien Adriana)</subfield>
    <subfield code="9">331</subfield>
  </datafield>
  <datafield tag="245" ind1="1" ind2="0">
    <subfield code="a">Volviendo al Caribe /</subfield>
    <subfield code="c">Mu-Kien Adriana  Sang Ben ; pr&#xF3;logo David &#xC1;lvarez Mart&#xED;n.</subfield>
  </datafield>
  <datafield tag="260" ind1=" " ind2=" ">
    <subfield code="a">Santa Marta , Colombia :</subfield>
    <subfield code="b">Universidad de Magdalena,</subfield>
    <subfield code="c">2020.</subfield>
  </datafield>
  <datafield tag="300" ind1=" " ind2=" ">
    <subfield code="a">510 p. ;</subfield>
    <subfield code="c">24 cm.</subfield>
  </datafield>
  <datafield tag="490" ind1="1" ind2=" ">
    <subfield code="a">Humanidades y artes ; </subfield>
    <subfield code="a">Historia</subfield>
  </datafield>
  <datafield tag="500" ind1=" " ind2=" ">
    <subfield code="a">Incluye datos biogr&#xE1;ficos de la autora en la solapa de la cubierta </subfield>
  </datafield>
  <datafield tag="500" ind1=" " ind2=" ">
    <subfield code="a">Incluye referencias bibliogr&#xE1;ficas y notas al pie de las  p&#xE1;ginas.</subfield>
  </datafield>
  <datafield tag="505" ind1=" " ind2=" ">
    <subfield code="a">Introducci&#xF3;n</subfield>
    <subfield code="t"> Pr&#xF3;logo --</subfield>
    <subfield code="t"> &#xBF;Por qu&#xE9; las plantaciones? --</subfield>
    <subfield code="t"> &#xBF;Integraci&#xF3;n caribe&#xF1;a? --</subfield>
    <subfield code="t">Un mito, un sue&#xF1;o --</subfield>
    <subfield code="t">Viajando por el Caribe --</subfield>
    <subfield code="t">Libros sobre el Caribe </subfield>
  </datafield>
  <datafield tag="590" ind1=" " ind2=" ">
    <subfield code="a">Inventariado, 2021/MFF</subfield>
  </datafield>
  <datafield tag="651" ind1=" " ind2="0">
    <subfield code="a">Caribe (Regi&#xF3;n)</subfield>
    <subfield code="x">Historia</subfield>
    <subfield code="9">87401</subfield>
  </datafield>
  <datafield tag="651" ind1=" " ind2="0">
    <subfield code="a">Caribe (Regi&#xF3;n)</subfield>
    <subfield code="x">Vida social y costumbres</subfield>
    <subfield code="9">87401</subfield>
  </datafield>
  <datafield tag="651" ind1=" " ind2="0">
    <subfield code="a">Caribe (Regi&#xF3;n)</subfield>
    <subfield code="x">Descripci&#xF3;n y viajes</subfield>
    <subfield code="9">87401</subfield>
  </datafield>
  <datafield tag="700" ind1="1" ind2=" ">
    <subfield code="a">&#xC1;lvarez Mart&#xED;n, David, </subfield>
    <subfield code="e">pr&#xF3;l.</subfield>
    <subfield code="9">49551</subfield>
  </datafield>
  <datafield tag="830" ind1=" " ind2="0">
    <subfield code="a">Humanidades y artes ;</subfield>
    <subfield code="9">78676</subfield>
    <subfield code="p"> Historia</subfield>
  </datafield>
  <datafield tag="910" ind1=" " ind2=" ">
    <subfield code="a">Validado. Control de calidad MFF</subfield>
  </datafield>
  <datafield tag="942" ind1=" " ind2=" ">
    <subfield code="2">ddc</subfield>
    <subfield code="c">LBS1</subfield>
  </datafield>
  <datafield tag="952" ind1=" " ind2=" ">
    <subfield code="0">0</subfield>
    <subfield code="1">0</subfield>
    <subfield code="2">ddc</subfield>
    <subfield code="5">1</subfield>
    <subfield code="7">0</subfield>
    <subfield code="8">PD</subfield>
    <subfield code="a">BNPHU</subfield>
    <subfield code="b">BNPHU</subfield>
    <subfield code="c">HD</subfield>
    <subfield code="d">2021-04-19</subfield>
    <subfield code="e">Dep&#xF3;sito legal</subfield>
    <subfield code="o">BNPHU PD 972.9 S225v</subfield>
    <subfield code="p">2021-1546</subfield>
    <subfield code="r">2021-04-21</subfield>
    <subfield code="w">2021-04-21</subfield>
    <subfield code="y">LBS1</subfield>
  </datafield>
  <datafield tag="952" ind1=" " ind2=" ">
    <subfield code="0">0</subfield>
    <subfield code="1">0</subfield>
    <subfield code="2">ddc</subfield>
    <subfield code="5">1</subfield>
    <subfield code="7">0</subfield>
    <subfield code="8">PD</subfield>
    <subfield code="a">BNPHU</subfield>
    <subfield code="b">BNPHU</subfield>
    <subfield code="c">HD</subfield>
    <subfield code="d">2021-04-19</subfield>
    <subfield code="e">Dep&#xF3;sito legal</subfield>
    <subfield code="o">BNPHU PD 972.9 S225v</subfield>
    <subfield code="p">2021-1547</subfield>
    <subfield code="r">2021-04-21</subfield>
    <subfield code="t">e.2</subfield>
    <subfield code="w">2021-04-21</subfield>
    <subfield code="y">LBS1</subfield>
  </datafield>
  <datafield tag="952" ind1=" " ind2=" ">
    <subfield code="0">0</subfield>
    <subfield code="1">0</subfield>
    <subfield code="2">ddc</subfield>
    <subfield code="5">6</subfield>
    <subfield code="7">0</subfield>
    <subfield code="8">DS</subfield>
    <subfield code="a">BNPHU</subfield>
    <subfield code="b">BNPHU</subfield>
    <subfield code="c">HD</subfield>
    <subfield code="d">2021-04-19</subfield>
    <subfield code="e">Dep&#xF3;sito legal</subfield>
    <subfield code="o">BNPHU DS 972.9 S225v</subfield>
    <subfield code="p">2021-1548</subfield>
    <subfield code="r">2021-04-21</subfield>
    <subfield code="t">e.3</subfield>
    <subfield code="w">2021-04-21</subfield>
    <subfield code="y">LBS1</subfield>
  </datafield>
  <datafield tag="999" ind1=" " ind2=" ">
    <subfield code="c">49772</subfield>
    <subfield code="d">49772</subfield>
  </datafield>
</record>
